Statistiques concernant Age of Mythology: Dieux et unités mythiques

Cliquez ici pour prendre le quiz!

Statistiques générales

  • Ce quiz a été pris 49 fois
  • Le résultat moyen est 17 sur 74

Statistiques - réponses

CivilisationType de quizÂgeRéponses% Correct
GrecsDieux majeursÂge archaïquePoseidon
89%
GrecsDieux majeursÂge archaïqueHades
81%
GrecsDieuxÂge mythiqueHéra
78%
ScandinavesDieux majeursÂge archaïqueThor
76%
GrecsDieuxÂge classiqueAthéna
70%
ScandinavesDieux majeursÂge archaïqueOdin
70%
GrecsDieuxÂge mythiqueArtémis
68%
ScandinavesDieux majeursÂge archaïqueLoki
68%
GrecsDieuxÂge héroïqueAphrodite
62%
GrecsDieuxÂge héroïqueApollon
62%
GrecsDieuxÂge classiqueArès
59%
GrecsDieuxÂge classiqueHermes
54%
ÉgyptiensDieuxÂge mythiqueOsiris
49%
ÉgyptiensDieux majeursÂge archaïque
49%
ÉgyptiensDieuxÂge classiqueAnubis
46%
GrecsDieuxÂge héroïqueDionysos
46%
ÉgyptiensDieux majeursÂge archaïqueSeth
43%
ÉgyptiensDieux majeursÂge archaïqueIsis
41%
ÉgyptiensDieuxÂge mythiqueHorus
30%
GrecsUnités mythiquesÂge classiqueCentaure
27%
GrecsUnités mythiquesÂge classiqueMinotaure
24%
GrecsUnités mythiquesÂge archaïquePégase
24%
ÉgyptiensDieuxÂge classiqueBastet
22%
GrecsUnités mythiquesÂge classiqueCyclope
22%
ÉgyptiensDieuxÂge mythiqueThot
22%
ScandinavesDieuxÂge classiqueHeimdall
19%
ScandinavesDieuxÂge mythiqueHel
19%
GrecsUnités mythiquesÂge mythiqueColosse
16%
ÉgyptiensUnités mythiquesÂge héroïqueHomme scorpion
16%
ÉgyptiensUnités mythiquesÂge mythiqueMomie
16%
ÉgyptiensUnités mythiquesÂge héroïqueScarabée
16%
ÉgyptiensDieuxÂge héroïqueSekhmet
16%
ÉgyptiensUnités mythiquesÂge classiqueAnubite
14%
GrecsUnités mythiquesÂge mythiqueChimère
14%
ScandinavesDieuxÂge classiqueFreyja
14%
ScandinavesUnités mythiquesÂge mythiqueGéant du feu
14%
GrecsUnités mythiquesÂge héroïqueHydre
14%
GrecsUnités mythiquesÂge mythiqueMéduse
14%
ScandinavesUnités mythiquesÂge héroïqueGéant du givre
11%
ScandinavesUnités mythiquesÂge mythiqueGéant du givre
11%
GrecsUnités mythiquesÂge héroïqueLion néméen
11%
GrecsUnités mythiquesÂge héroïqueManticore
11%
ÉgyptiensUnités mythiquesÂge mythiquePhénix
11%
ÉgyptiensDieuxÂge classiquePtah
11%
ÉgyptiensUnités mythiquesÂge classiqueSphinx
11%
ScandinavesDieuxÂge mythiqueTyr
11%
ÉgyptiensUnités mythiquesÂge classiqueWadjet
11%
ScandinavesDieuxÂge mythiqueBaldr
8%
ScandinavesUnités mythiquesÂge mythiqueGéant de la montagne
8%
ScandinavesUnités mythiquesÂge héroïqueGéant de la montagne
8%
ÉgyptiensDieuxÂge héroïqueHathor
8%
ScandinavesUnités mythiquesÂge héroïqueKraken
8%
ScandinavesDieuxÂge héroïqueNjord
8%
ScandinavesUnités mythiquesÂge mythiquePortée des loups de Fenris
8%
GrecsUnités mythiquesÂge héroïqueScylla
8%
ScandinavesUnités mythiquesÂge classiqueTroll
8%
ScandinavesUnités mythiquesÂge classiqueValkyrie
8%
GrecsUnités mythiquesÂge mythiqueCarcinos
5%
GrecsUnités mythiquesÂge archaïqueHippocampe
5%
ÉgyptiensUnités mythiquesÂge héroïqueLéviathan
5%
ÉgyptiensUnités mythiquesÂge héroïquePetesoukhos
5%
ScandinavesUnités mythiquesÂge mythiquePortée de Jormund
5%
ScandinavesDieuxÂge héroïqueSkadi
5%
ÉgyptiensUnités mythiquesÂge mythiqueTortue de guerre
5%
ÉgyptiensUnités mythiquesÂge mythiqueVengeur
5%
GrecsDieux majeursÂge archaïqueZeux
5%
ScandinavesUnités mythiquesÂge archaïqueCorbeau
3%
ScandinavesUnités mythiquesÂge classiqueEinheriar
3%
ScandinavesDieuxÂge classiqueForsete
3%
GrecsDieuxÂge mythiqueHéphaïsos
3%
ÉgyptiensUnités mythiquesÂge héroïqueRoc
3%
ScandinavesUnités mythiquesÂge héroïqueSanglier de combat
3%
ScandinavesDieuxÂge héroïqueBragi
0%
ÉgyptiensDieuxÂge héroïqueNepthys
0%

Distribution des résultats

Percentile par nombre de réponses

% des personnes avec chaque résultat

Votre développement - résultats

Vous n’avez pas pris ce quiz